000
00295nam a22001337a 4500
008
170505b xxu||||| |||| 00| 0 eng d
020
_a
9781583605219
041
_a
eng
080
_a
343.9
100
_a
14
101
_a
SHJ
245
_a
CRITICAL CRIMINOLOGY
_c
SHWARTZ.M.D
942
_2
udc
_c
BK
999
_c
12784
_d
12784